000 00424 a2200145 4500
005 20250623142236.0
020 _a978-0-07-352482-5
082 _a332.02 BIE
100 _aBIEHLER, J. T.
245 _aThe Mathematics of Money: Math for Business and Personal Finance Decisions
250 _a7th Ed.
260 _aBoston
_bMcGraw-Hill Irwin,
_c2008.
300 _axviii, 668p.: pictures, tables
_bIndex
_c27cm
942 _2ddc
_cBKS
999 _c4677
_d4677